• 首页
  • 本馆介绍
  • 公告通知
  • 最新文献
  • 馆藏检索
  • 电子资源
  • 读者导购
  • 参考咨询
  • 我的图书馆
  • 登录
  • 详细信息显示
  • 放入我的书架
  • 预约/预借图书
  • 作者相关作品
  • 分类相关作品
  • 丛书相关作品
  • 出版社相关作品

书目信息

  • 表格格式
  • 工作单格式
  • 卡片格式
书名: THE ARTS & ARCHITECTURE
作者: MICHAEL COLE.
分册号:
分册名:
出版地: ENGLAND :
 
出版社: the Clique Limited
出版时间: 1993.
页数: 244 p. ;
开本: 20cm.
丛书名:
中图分类号:
科图分类号:
其他分类号: TU-05
主题词:
电子资源:
000 00484nam 2200181 a 4500
001 E0759700608
005 20070516163944.20
008 070516s1993 00010 eng
020    @a1-878773-35-7.
022    @a0968-7505.
040    @aPFT@beng
090    @aTU-05
099    @dTU-05@ex6
245 1  @aTHE ARTS & ARCHITECTURE / @cMICHAEL COLE.
260    @aENGLAND :@bthe Clique Limited,@c1993.
300    @a244 p. ;@c20cm.
500    @aANNUAL REGISTER OF BOOK VALUES
700    @aCOLE,MICHAEL
    
    THE ARTS & ARCHITECTURE / / MICHAEL COLE.-ENGLAND : : the Clique Limited, , 1993.
    244 p. ; ; 20cm.
    ANNUAL REGISTER OF BOOK VALUES
    
    ISBN 1-878773-35-7.
    
●
相关链接 在E读中查询图书 在五车中查询图书 在当当中查询图书 在豆瓣中查询图书


正题名:THE ARTS & ARCHITECTURE     索取号:TU-05/x6         预约/预借

序号 登录号 条形码 馆藏地/架位号 状态 备注
1 9260   300092600   第二样本阅览室/ [索取号:TU-05/x6] 在馆    
唐山师范学院图书馆 欢迎您!
大连网信软件有限公司© 版权所有